| 000 | 00584 a2200193 4500 | ||
|---|---|---|---|
| 001 | 62021 | ||
| 005 | 20260407155914.0 | ||
| 008 | 260407a1967 arg spa d | ||
| 003 | AR-UNSa-BCEJYS | ||
| 040 |
_aAR-UNSa-BCEJYS _bspa _cAR-UNSa-BCEJYS |
||
| 080 |
_a369 _xSeguridad social |
||
| 245 | 1 | 0 | _aComentarios y casos prácticos sobre el nuevo régimen de seguridad social |
| 264 | 1 |
_aBilbao : _bEdiciones Deusto _c1967 |
|
| 300 |
_a295 p. _c21 cm. |
||
| 041 | _aspa | ||
| 942 | _cBK | ||
| 590 | _aniveau_biblio:m niveau_hierar:0 | ||
| 100 | 1 | _aEdiciones Deusto. Servicio de Estudios | |
| 999 |
_c7552 _d7552 |
||